[Event "ESP-ch rapid"]
[Site "Linares"]
[Date "2016.08.14"]
[Round "4"]
[White "Almagro Mazariegos, Sebastian"]
[Black "Anaya Lopez, Gonzalo Javier"]
[Result "0-1"]
[WhiteElo "2303"]
[BlackElo "1984"]
[PlyCount "106"]
[EventDate "2016.08.14"]
[EventType "swiss (rapid)"]
[EventRounds "9"]
[EventCountry "ESP"]
[SourceTitle "CBM 173 Extra"]
[Source "ChessBase"]
[SourceDate "2016.08.29"]
[SourceVersion "1"]
[SourceVersionDate "2016.08.29"]
[SourceQuality "1"]

1. e4 e6 2. d4 d5 3. Nd2 Nc6 4. Ngf3 Nf6 5. e5 Nd7 6. Be2 f6 7. exf6 Qxf6 8. Nf1 Bd6 9. Ne3 0-0 10. 0-0 h6 11. c4 Ne7 12. b3 c6 13. Bb2 Ng6 14. g3 Bc7 15. Qd3 Ne7 16. Rac1 Rd8 17. Ba3 Nf8 18. Ng4 Qf7 19. Nge5 Qf6 20. Ng4 Qf7 21. Nfe5 Qe8 22. Bxe7 Qxe7 23. Ng6 Qg5 24. Nxf8 Rxf8 25. f4 Qe7 26. c5 Bd7 27. Bd1 Qf7 28. Bc2 Qf5 29. Qe2 Qf7 30. Ne5 Bxe5 31. fxe5 Qe7 32. Qd3 g5 33. Rf6 Rxf6 34. exf6 Qf7 35. Rf1 Rf8 36. Qe3 Qh5 37. Qe5 Qg4 38. Kg2 Be8 39. h3 Qh5 40. Qxe6+ Qf7 41. Qe5 Bd7 42. Qe7 Qxe7 43. fxe7 Rxf1 44. Kxf1 Bxh3+ 45. Kf2 Kf7 46. Kf3 Be6 47. Bg6+ Kxe7 48. b4 Bd7 49. a4 Kf6 50. Bh5 Bf5 51. Be8 Ke7 52. Bh5 Bc2 53. a5 Bd1+ 0-1

[Event "ESP-ch rapid"]
[Site "Linares"]
[Date "2016.08.14"]
[Round "1"]
[White "Anaya Lopez, Gonzalo Javier"]
[Black "Matnadze, Ana"]
[Result "0-1"]
[WhiteElo "1984"]
[BlackElo "2355"]
[PlyCount "81"]
[EventDate "2016.08.14"]
[EventType "swiss (rapid)"]
[EventRounds "9"]
[EventCountry "ESP"]
[SourceTitle "CBM 173 Extra"]
[Source "ChessBase"]
[SourceDate "2016.08.29"]
[SourceVersion "1"]
[SourceVersionDate "2016.08.29"]
[SourceQuality "1"]

1. e4 c5 2. Nc3 Nc6 3. g3 d6 4. Bg2 g6 5. d3 Bg7 6. Be3 e6 7. Qd2 Nge7 8. Bh6 Bxh6 9. Qxh6 Nd4 10. Qd2 0-0 11. Nce2 e5 12. c3 Nxe2 13. Nxe2 Be6 14. c4 Rb8 15. 0-0 b5 16. b3 Qd7 17. Nc3 b4 18. Ne2 a5 19. a3 bxa3 20. Rxa3 Nc6 21. f4 f5 22. exf5 Bxf5 23. Bd5+ Kg7 24. fxe5 Nxe5 25. d4 Bh3 26. Rxf8 Rxf8 27. Nf4 cxd4 28. Qxd4 Qf5 29. Be4 Qf6 30. Qa1 Bg4 31. h3 Bd7 32. Rxa5 Kh6 33. h4 Bg4 34. Ra7 Rf7 35. Rxf7 Nf3+ 36. Bxf3 Qxa1+ 37. Kf2 Qd4+ 38. Kg2 Qb2+ 39. Ne2 Bxf3+ 40. Kxf3 Qxb3+ 41. Kg2 0-1

[Event "ESP-ch U18"]
[Site "Linares"]
[Date "2010.07.28"]
[Round "4"]
[White "Alcaraz Ortega, Javier"]
[Black "Anaya Lopez, Gonzalo Javier"]
[Result "1-0"]
[WhiteElo "2242"]
[BlackElo "1920"]
[PlyCount "29"]
[EventDate "2010.07.26"]
[EventType "swiss"]
[EventRounds "9"]
[EventCountry "ESP"]
[SourceTitle "CBM 137 Extra"]
[Source "ChessBase"]
[SourceDate "2010.09.01"]
[SourceVersion "1"]
[SourceVersionDate "2010.09.01"]
[SourceQuality "1"]

1. Nf3 Nf6 2. c4 g6 3. d4 d5 4. Nc3 Bg7 5. Qb3 dxc4 6. Qxc4 b6 7. Bf4 Na6 8. Nb5 Nd5 9. Qc6+ Qd7 10. Qxa8 Nxf4 11. Nxa7 0-0 12. Nxc8 Nb4 13. Qe4 Rxc8 14. a3 f5 15. Qb1 1-0

[Event "Malaga op 13th"]
[Site "Malaga"]
[Date "2010.02.23"]
[Round "5"]
[White "Anaya Lopez, Gonzalo Javier"]
[Black "Molina Mataran, Manuel"]
[Result "1-0"]
[WhiteElo "1872"]
[BlackElo "1962"]
[PlyCount "117"]
[EventDate "2010.02.20"]
[EventType "swiss"]
[EventRounds "9"]
[EventCountry "ESP"]
[SourceTitle "CBM 135 Extra"]
[Source "ChessBase"]
[SourceDate "2010.05.04"]
[SourceVersion "1"]
[SourceVersionDate "2010.05.04"]
[SourceQuality "1"]

1. e4 e5 2. Nf3 Nc6 3. d4 exd4 4. Bc4 Be7 5. c3 d3 6. Qxd3 d6 7. 0-0 Nf6 8. Nbd2 0-0 9. Nb3 Bg4 10. Bf4 Nh5 11. Bg3 Nxg3 12. hxg3 Bf6 13. Bd5 Rb8 14. Bxc6 bxc6 15. Nfd4 Bd7 16. f4 c5 17. Nf5 c4 18. Qxc4 Bb5 19. Qd5 Bxf1 20. Rxf1 Qc8 21. g4 Qe6 22. Qd3 Rfe8 23. g5 Bd8 24. Re1 f6 25. Nbd4 Qf7 26. b3 fxg5 27. Nc6 Rb6 28. Nxd8 Rxd8 29. Qg3 Qf6 30. fxg5 Qe5 31. Qh4 Rf8 32. g6 h6 33. Rf1 Rbb8 34. Ne7+ Kh8 35. Nf5 Qf6 36. Qh5 Qg5 37. Qxg5 hxg5 38. Rf3 Rf6 39. Rh3+ Kg8 40. Ne7+ Kf8 41. Nc6 Rxg6 42. Rh8+ Kf7 43. Rxb8 Ke6 44. Nxa7 Kd7 45. a4 Re6 46. Rb7 Kd8 47. Nb5 c6 48. Nd4 Rxe4 49. Nxc6+ Kc8 50. Rxg7 Re3 51. Na7+ Kb8 52. Nb5 d5 53. Rxg5 d4 54. Nxd4 Rxc3 55. Rb5+ Kc8 56. Ne6 Rc6 57. Nc5 Kc7 58. b4 Rf6 59. a5 1-0

[Event "Malaga op 13th"]
[Site "Malaga"]
[Date "2010.02.22"]
[Round "4"]
[White "Perez Guerra, Alberto"]
[Black "Anaya Lopez, Gonzalo Javier"]
[Result "1/2-1/2"]
[WhiteElo "1670"]
[BlackElo "1872"]
[PlyCount "56"]
[EventDate "2010.02.20"]
[EventType "swiss"]
[EventRounds "9"]
[EventCountry "ESP"]
[SourceTitle "CBM 135 Extra"]
[Source "ChessBase"]
[SourceDate "2010.05.04"]
[SourceVersion "1"]
[SourceVersionDate "2010.05.04"]
[SourceQuality "1"]

1. d4 Nf6 2. Nf3 d5 3. e3 g6 4. Bd3 Bg7 5. b3 0-0 6. Bb2 c5 7. 0-0 Nc6 8. Ne5 Qc7 9. f4 Ne4 10. Nd2 Nxd2 11. Qxd2 Qb6 12. c3 Be6 13. Be2 f6 14. Nd3 cxd4 15. cxd4 Bf7 16. Kh1 Rfe8 17. Rae1 Rad8 18. g4 e5 19. Nf2 a5 20. g5 exf4 21. exf4 fxg5 22. Ng4 Be6 23. fxg5 Bxg4 24. Bxg4 Nxd4 25. Qf2 Rf8 26. Bxd4 Bxd4 27. Be6+ Kg7 28. Qg2 Rxf1+ 1/2-1/2

[Event "EU-ch U16 19th"]
[Site "Fermo"]
[Date "2009.09.09"]
[Round "9"]
[White "Orava, Aleksander"]
[Black "Anaya Lopez, Gonzalo Javier"]
[Result "1-0"]
[WhiteElo "1762"]
[BlackElo "1871"]
[PlyCount "47"]
[EventDate "2009.08.31"]
[EventType "swiss"]
[EventRounds "9"]
[EventCountry "ITA"]
[SourceTitle "CBM 132 Extra"]
[Source "ChessBase"]
[SourceDate "2009.11.03"]
[SourceVersion "1"]
[SourceVersionDate "2009.11.03"]
[SourceQuality "1"]

1. d4 Nf6 2. Nc3 g6 3. e4 d6 4. f3 Bg7 5. Be3 0-0 6. Qd2 Nbd7 7. 0-0-0 c6 8. Kb1 b5 9. g4 b4 10. Nce2 Nb6 11. Nc1 a5 12. h4 Rb8 13. h5 Na4 14. Ka1 c5 15. Bh6 Nxe4 16. Qe3 Nf6 17. Bxg7 Kxg7 18. hxg6 fxg6 19. Qh6+ Kg8 20. g5 Nh5 21. Rxh5 gxh5 22. g6 hxg6 23. Qxg6+ Kh8 24. Bd3 1-0

[Event "EU-ch U16 19th"]
[Site "Fermo"]
[Date "2009.09.01"]
[Round "2"]
[White "Anaya Lopez, Gonzalo Javier"]
[Black "Fernandez Garcia, Jose Miguel"]
[Result "0-1"]
[WhiteElo "1871"]
[BlackElo "2261"]
[PlyCount "47"]
[EventDate "2009.08.31"]
[EventType "swiss"]
[EventRounds "9"]
[EventCountry "ITA"]
[SourceTitle "CBM 132 Extra"]
[Source "ChessBase"]
[SourceDate "2009.11.03"]
[SourceVersion "1"]
[SourceVersionDate "2009.11.03"]
[SourceQuality "1"]

1. e4 g6 2. d4 Bg7 3. Be3 Nf6 4. Nd2 d6 5. f3 Nbd7 6. Bc4 0-0 7. Ne2 c6 8. 0-0 d5 9. Bb3 dxe4 10. Nxe4 a5 11. c3 Nxe4 12. fxe4 Nf6 13. Ng3 Qb6 14. Qd2 Ng4 15. Bg5 a4 16. Bc4 e5 17. Ne2 exd4 18. cxd4 Ne5 19. Qc3 Nxc4 20. Qxc4 Be6 21. Qd3 Bg4 22. Rf2 a3 23. bxa3 Bxe2 24. Rxe2 0-1

[Event "ESP-ch U14"]
[Site "Padron"]
[Date "2008.07.17"]
[Round "8"]
[White "Carreira Casais, Anxo"]
[Black "Anaya Lopez, Gonzalo Javier"]
[Result "0-1"]
[WhiteElo "1661"]
[BlackElo "1851"]
[PlyCount "100"]
[EventDate "2008.07.13"]
[EventType "swiss"]
[EventRounds "9"]
[EventCountry "ESP"]
[SourceTitle "CBM 125 Extra"]
[Source "ChessBase"]
[SourceDate "2008.09.01"]
[SourceVersion "1"]
[SourceVersionDate "2008.09.01"]
[SourceQuality "1"]

1. e4 e6 2. d3 d5 3. Nd2 dxe4 4. dxe4 e5 5. Ngf3 Bg4 6. Bc4 Nd7 7. 0-0 Ngf6 8. Re1 Be7 9. Nf1 0-0 10. Bg5 c6 11. Ng3 Qc7 12. h3 Bxf3 13. Qxf3 b5 14. Be2 Bc5 15. Rad1 h6 16. Bd2 Rfd8 17. Bd3 a5 18. Nf5 Kh7 19. Qg3 Bf8 20. b3 Nc5 21. Bc3 Nfd7 22. Kh1 Ne6 23. Bb2 g6 24. Ne3 Bg7 25. c4 Ndc5 26. Bb1 Nf4 27. Ba1 b4 28. Ng4 f6 29. Qe3 Nfe6 30. Qf3 Ng5 31. Qe2 Nge6 32. Qf3 Kh8 33. Rxd8+ Rxd8 34. Rd1 Ng5 35. Rxd8+ Qxd8 36. Qe2 Nge6 37. g3 h5 38. Ne3 Bh6 39. Bc2 Nd4 40. Qd2 Nce6 41. Qd1 Kg7 42. Kg2 Kf7 43. Bb2 Qd7 44. a3 Ng5 45. Qh1 Nxc2 46. Nxc2 Qd3 47. Ne3 Nxe4 48. Qd1 Nxf2 49. Kxf2 Bxe3+ 50. Ke1 Bf2+ 0-1

[Event "ESP-ch U14"]
[Site "Padron"]
[Date "2008.07.16"]
[Round "6"]
[White "Suarez Uriel, Adrian"]
[Black "Anaya Lopez, Gonzalo Javier"]
[Result "1-0"]
[WhiteElo "2047"]
[BlackElo "1851"]
[PlyCount "59"]
[EventDate "2008.07.13"]
[EventType "swiss"]
[EventRounds "9"]
[EventCountry "ESP"]
[SourceTitle "CBM 125 Extra"]
[Source "ChessBase"]
[SourceDate "2008.09.01"]
[SourceVersion "1"]
[SourceVersionDate "2008.09.01"]
[SourceQuality "1"]

1. e4 e6 2. d4 d5 3. e5 c5 4. c3 Nc6 5. Nf3 Qb6 6. a3 Nh6 7. b4 cxd4 8. cxd4 Nf5 9. Be3 Bd7 10. Be2 Be7 11. 0-0 0-0 12. Nc3 f6 13. exf6 Bxf6 14. Na4 Qc7 15. Rc1 Qd6 16. Nc5 b6 17. Nxd7 Qxd7 18. Bb5 Rac8 19. Qa4 Nfe7 20. Rc3 a6 21. Qxa6 Qa7 22. Qxa7 Nxa7 23. Rxc8 Nexc8 24. Bd7 Kf7 25. Rc1 Ne7 26. Rc7 Nac8 27. Ne5+ Bxe5 28. dxe5 h6 29. Bxc8 Rxc8 30. Bxb6 1-0

[Event "ESP-ch U14"]
[Site "Padron"]
[Date "2008.07.15"]
[Round "5"]
[White "Anaya Lopez, Gonzalo Javier"]
[Black "Guerrero Olmos, Alicia"]
[Result "1-0"]
[WhiteElo "1851"]
[BlackElo "1687"]
[PlyCount "101"]
[EventDate "2008.07.13"]
[EventType "swiss"]
[EventRounds "9"]
[EventCountry "ESP"]
[SourceTitle "CBM 125 Extra"]
[Source "ChessBase"]
[SourceDate "2008.09.01"]
[SourceVersion "1"]
[SourceVersionDate "2008.09.01"]
[SourceQuality "1"]

1. e4 e5 2. Nf3 Nc6 3. d4 exd4 4. Bc4 Nf6 5. e5 d5 6. Bb5 Ne4 7. Nxd4 Bc5 8. Be3 Bd7 9. Bxc6 bxc6 10. 0-0 Qe7 11. f3 Ng5 12. f4 Ne4 13. Nd2 Bxd4 14. Bxd4 Nxd2 15. Qxd2 c5 16. Bf2 Bb5 17. Rfe1 d4 18. f5 0-0 19. Qf4 f6 20. Bh4 Qd7 21. e6 Qe7 22. Bg3 c6 23. Qd6 Qxd6 24. Bxd6 Rfe8 25. Bxc5 d3 26. cxd3 Bxd3 27. g4 Bc4 28. b3 Bd5 29. Kf2 g6 30. h4 Kg7 31. Rad1 h6 32. Rd4 a6 33. Red1 Rab8 34. Ra4 Rb5 35. Be3 a5 36. Rc1 h5 37. Rc5 Kh7 38. Rxb5 cxb5 39. Rxa5 hxg4 40. Rxb5 Be4 41. fxg6+ Bxg6 42. Rb7+ Kg8 43. Bh6 Bf5 44. e7 Kf7 45. Bf8 Ke6 46. Rb6+ Kf7 47. a4 Rc8 48. b4 Rc2+ 49. Ke3 g3 50. Rxf6+ Kxf6 51. e8Q 1-0

[Event "Andalucia-ch U18"]
[Site "Motril"]
[Date "2008.03.15"]
[Round "2.15"]
[White "Jimenez Capilla, Martin R"]
[Black "Anaya Lopez, Gonzalo Javier"]
[Result "1-0"]
[WhiteElo "1992"]
[BlackElo "1755"]
[PlyCount "59"]
[EventDate "2008.03.14"]
[EventType "swiss"]
[EventRounds "8"]
[EventCountry "ESP"]
[SourceTitle "EXT 2024"]
[Source "ChessBase"]
[SourceDate "2023.10.10"]
[SourceVersion "1"]
[SourceVersionDate "2023.10.10"]
[SourceQuality "1"]

1. e4 e6 2. d4 d5 3. Nd2 Nf6 4. e5 Nfd7 5. Bd3 c5 6. c3 Nc6 7. Ngf3 cxd4 8. cxd4 f6 9. exf6 Nxf6 10. 0-0 Bd6 11. Re1 0-0 12. Nf1 Bd7 13. Bd2 Qb6 14. Bc3 Rae8 15. Rc1 Re7 16. Bb1 Rfe8 17. Ne5 Qc7 18. Qf3 Bc8 19. Qh3 Ne4 20. Bxe4 dxe4 21. Rxe4 Nxd4 22. Rce1 Bxe5 23. Rxe5 Nc6 24. R5e3 b5 25. Qh5 b4 26. Be5 Nxe5 27. Rxe5 a6 28. Qh4 Qb6 29. Ne3 Rc7 30. Nd5 1-0

[Event "Logrono op U20"]
[Site "Logrono"]
[Date "2007.08.16"]
[Round "2"]
[White "Anaya Lopez, Gonzalo Javier"]
[Black "Talishzada, Orkhan Rovshan Oglu"]
[Result "1/2-1/2"]
[WhiteElo "1724"]
[BlackElo "2114"]
[PlyCount "120"]
[EventDate "2007.08.14"]
[EventType "swiss"]
[EventRounds "8"]
[EventCountry "ESP"]
[SourceTitle "CBM 120 Extra"]
[Source "ChessBase"]
[SourceDate "2007.11.01"]
[SourceVersion "1"]
[SourceVersionDate "2007.11.01"]
[SourceQuality "1"]

1. e4 c5 2. Nc3 Nc6 3. f4 e6 4. d3 Nge7 5. Nf3 g6 6. Be2 Bg7 7. 0-0 0-0 8. Qe1 a6 9. a4 d5 10. Qh4 dxe4 11. dxe4 Nd4 12. Bd1 Bd7 13. Ne2 Bc6 14. Ng3 Qd7 15. a5 f5 16. c3 Nxf3+ 17. Bxf3 e5 18. fxe5 Bxe5 19. Bh6 Bg7 20. Bg5 fxe4 21. Bxe7 Rf7 22. Nxe4 Bxe4 23. Bxc5 Bxf3 24. Rxf3 Rxf3 25. gxf3 Qc6 26. Qf2 Rc8 27. Bb4 Bf8 28. Bxf8 Rxf8 29. Kg2 Qb5 30. h4 Re8 31. Re1 Rxe1 32. Qxe1 Qxb2+ 33. Kg3 Kf7 34. Qe5 Qb3 35. Qh8 h5 36. Qe5 Qe6 37. Qxe6+ Kxe6 38. Kf4 Kd5 39. Kg5 b6 40. axb6 Kc6 41. Kxg6 a5 42. f4 a4 43. f5 a3 44. f6 a2 45. f7 a1Q 46. f8Q Kxb6 47. Qf6+ Kc7 48. Qe5+ Kd8 49. Kxh5 Qd1+ 50. Kh6 Qf3 51. h5 Kd7 52. Kh7 Qd3+ 53. Kh8 Qh3 54. Qg7+ Kc6 55. h6 Kb5 56. Qb7+ Ka5 57. Qc7+ Ka6 58. h7 Qh6 59. Qg7 Qe6 60. Qg3 Qf7 1/2-1/2